000 00757nam a2200229 i 4500
001 48138
003 ES-MaACL
005 20230906161712.0
007 t|
008 950706s1885 fr a ||||1| fre d
040 _aCAM
_bspa
_cCAM
100 1 _aChampeaux, Alfred de.
_937912
245 1 3 _aLe meuble /
_cpar Alfred de Champeaux.
260 _aParis :
_bA. Quantin,
_c[1885]
300 _a2 v. :
_bil. ;
_c21 cm.
490 1 _aBibliothèque de l'enseignement des beaux-arts
505 8 _aContiene: V. 1. Antiquité, Moyen Age et Renaissance -- v. 2. XVIIe, XVIIIe et XIX siècles
650 1 4 _aMuebles-
_vHistoria.
_915238
830 0 _aBibliothèque de l'enseignement des beaux-arts
_9181140
852 _aES-MaACL
_jB-2535-36
999 _c48138
_d48138